Rugby - Surnom des équipes nationales - Statistiques

Statistiques générales
  • Ce quiz a été pris 3 870 fois
  • Le résultat moyen est 7 sur 11
Statistiques - réponses
Équipe Surnom % Correct
Angleterre le XV de la rose
90%
Nouvelles Zélande les All Blacks
86%
France Les bleus
80%
Argentine Les Pumas
78%
Ecosse le XV du Chardon
74%
Irlande le XV du trèfle
74%
Australie les Wallabies
73%
Afrique du Sud Les Springboks
72%
Italie la Squadra Azzurra
32%
Pays de Galles le XV du Poireau
26%
Japon The Brave Blossoms
5%
Aucun quiz correspondant
Distribution des résultats
% des personnes avec chaque résultat
Percentile par nombre de réponses
Votre historique - résultats
Vous n’avez pas pris ce quiz